El proceso global en la Nicaragua revolucionaria y los retos que propone a la fe cristiana eclesial /
Salvato in:
| Autore principale: | |
|---|---|
| Natura: | testo |
| Soggetti: | |
| Tags: |
Aggiungi Tag
Nessun Tag, puoi essere il primo ad aggiungerne!!
|
MARC
| LEADER | 00000 a a2200000 04500 | ||
|---|---|---|---|
| 001 | 18001 | ||
| 003 | |||
| 040 | |||
| 100 | |a Hernández Pico, Juan | ||
| 245 | |a El proceso global en la Nicaragua revolucionaria y los retos que propone a la fe cristiana eclesial / |c Juan Hernández Pico | ||
| 650 | |a CRISTIANOS | ||
| 650 | |a CAPITALISMO | ||
| 650 | |a BURGUESIA | ||
| 650 | |a SEGURIDAD | ||
| 650 | |a NICARAGUA | ||
| 773 | |g volumen 4, número 45; (1980) páginas 523-528 | ||
| 999 | |c 19970 |d 19970 | ||
| 773 | 0 | |0 42391 |9 3860 |a Agencia Latinoamericana de Información, ALAI |d Quito, Ecuador: ALAI |o 04486 |t ALAI: |x 08275564 (Servicio mensual de información y documentación) | |
